| 000 | 00506nam a2200169Ia 4500 | ||
|---|---|---|---|
| 999 |
_c27116 _d27116 |
||
| 003 | OSt | ||
| 005 | 20201228115134.0 | ||
| 008 | 190216s9999||||xx |||||||||||||| ||und|| | ||
| 040 | _coclc | ||
| 082 |
_a894.812301 _bMAD/H |
||
| 100 |
_aMadhavan, N S _96544 |
||
| 245 | 0 |
_aHiguita / _cN S Madhavan |
|
| 260 |
_bCalicut University Central Co-Operative, _aUniversity Of Calicut: _c1994. |
||
| 300 | _a94p | ||
| 650 | _aKathakal | ||
| 942 |
_cBK _2ddc _h894.812301 _iMAD/H _k894.812301 _mMAD/H |
||